On the possibility of an inverse relationship betwen tax rates and government revenues (Registro nro. 26021)

Detalles MARC
000 -LEADER
fixed length control field 00377 a2200109 4500
001 - CONTROL NUMBER
control field ART_12045
005 - DATE AND TIME OF LATEST TRANSACTION
control field 20260410161902.0
008 - FIXED-LENGTH DATA ELEMENTS--GENERAL INFORMATION
fixed length control field 260409a
100 1# - MAIN ENTRY--PERSONAL NAME
Personal name Fullerton, Don
245 10 - TITLE STATEMENT
Title On the possibility of an inverse relationship betwen tax rates and government revenues
773 0# - HOST ITEM ENTRY
Title Journal of public economics
Related parts - Vol. 19, Nº 1 (oct. 1982)
Record control number REV11485

No hay ítems disponibles.